书目信息 |
| 题名: |
筹算法
|
|
| 作者: | 刘志勇 著 | |
| 分册: | ||
| 出版信息: | 广州 暨南大学出版社 2020.6 |
|
| 页数: | 183页 | |
| 开本: | 25cm | |
| 丛书名: | 中小学教育智慧文库 | |
| 单 册: | ||
| 中图分类: | G624.563 | |
| 科图分类: | ||
| 主题词: | 算术课--小学--教学参考资料 | |
| 电子资源: | ||
| ISBN: | 978-7-5668-2890-3 | |
| 000 | 01201nam0 2200289 45 | |
| 001 | 012001002699 | |
| 005 | 20140823155122.0 | |
| 010 | @a978-7-5668-2890-3@dCNY56.00 | |
| 100 | @a20200923d2020 em y0chiy0110 ea | |
| 101 | 0 | @achi |
| 102 | @aCN@b440000 | |
| 105 | @ay z 000yy | |
| 106 | @ar | |
| 200 | 1 | @a筹算法@Achou suan fa@e轻松攻克小学数学计算@f刘志勇著 |
| 210 | @a广州@c暨南大学出版社@d2020.6 | |
| 215 | @a183页@d25cm | |
| 225 | 2 | @a中小学教育智慧文库 |
| 300 | @a其他题名:轻松攻克小学数学计算 | |
| 330 | @a本书结合了我国古代非常优秀的计算工具--算筹来对小学计算进行讲解。算筹具有非常丰富的内涵,本书利用神奇算筹来揭示数学四则运算的算法和算理,同时改进了相关表示方式方法,让孩子们能够更加清楚理解四则运算,并轻松攻克小学的加减乘除四则运算及小数和分数。让古老的筹算得以发扬光大,让孩子们能够非常透彻的理解计算,掌握计算,喜欢计算,最终爱上计算直至爱上数学,并受到中华传统文化的熏陶。 | |
| 410 | 0 | @12001 @a中小学教育智慧文库 |
| 461 | 0 | @12001 @a中小学教育智慧文库 |
| 517 | 1 | @a轻松攻克小学数学计算 |
| 606 | 0 | @a算术课@x小学@j教学参考资料 |
| 690 | @aG624.563@v5 | |
| 701 | 0 | @a刘志勇@Aliu zhi yong@4著 |
| 801 | @aCN@bAHXH@c20210922 | |
| 905 | @b1284096-100@dG624.563@e2068@f5 | |
| 筹算法:轻松攻克小学数学计算/刘志勇著.-广州:暨南大学出版社,2020.6 |
| 183页;25cm.-(中小学教育智慧文库) |
| 其他题名:轻松攻克小学数学计算 |
| ISBN 978-7-5668-2890-3:CNY56.00 |
| 本书结合了我国古代非常优秀的计算工具--算筹来对小学计算进行讲解。算筹具有非常丰富的内涵,本书利用神奇算筹来揭示数学四则运算的算法和算理,同时改进了相关表示方式方法,让孩子们能够更加清楚理解四则运算,并轻松攻克小学的加减乘除四则运算及小数和分数。让古老的筹算得以发扬光大,让孩子们能够非常透彻的理解计算,掌握计算,喜欢计算,最终爱上计算直至爱上数学,并受到中华传统文化的熏陶。 |
| ● |
| 相关链接 |
|
|
|
|
正题名:筹算法
索取号:G624.563/2068
 
预约/预借
| 序号 | 登录号 | 条形码 | 馆藏地/架位号 | 状态 | 备注 |
| 1 | 1284096 | 212840960 | 第一样本阅览室/ [索取号:G624.563/2068] | 在馆 | |
| 2 | 1284097 | 212840979 | 教育系资料室/ [索取号:G624.563/2068] | 在馆 | |
| 3 | 1284098 | 212840988 | 教育系资料室/ [索取号:G624.563/2068] | 在馆 | |
| 4 | 1284099 | 212840997 | 第四借阅区/ [索取号:G624.563/2068] | 在馆 | |
| 5 | 1284100 | 212841004 | 第四借阅区/ [索取号:G624.563/2068] | 在馆 |